Online
Catalog

1J4 de espigas y de fuegos : (Record no. 13451)

MARC details
000 -CABECERA
campo de control de longitud fija 01627nam a2200373 a 4500
001 - NÚMERO DE CONTROL
campo de control 000013840
003 - IDENTIFICADOR DEL NÚMERO DE CONTROL
campo de control DO-SdBNP
005 - FECHA Y HORA DE LA ÚLTIMA TRANSACCIÓN
campo de control 20240409073638.0
007 - CAMPO FIJO DE DESCRIPCIÓN FÍSICA--INFORMACIÓN GENERAL
campo de control de longitud fija ta
008 - DATOS DE LONGITUD FIJA--INFORMACIÓN GENERAL
campo de control de longitud fija 091130s1998 dr ac 001 0 spa d
020 ## - NÚMERO INTERNACIONAL ESTÁNDAR DEL LIBRO
ISBN cancelado o inválido 8489539836
040 ## - FUENTE DE LA CATALOGACIÓN
Centro catalogador/agencia de origen DO-SdBNP
Lengua de catalogación spa
Centro/agencia transcriptor BNPHU
082 #4 - NÚMERO DE LA CLASIFICACIÓN DECIMAL DEWEY
Número de clasificación 972.93054
Número de documento/Ítem G993e
Número de edición 22
100 1# - ENTRADA PRINCIPAL--NOMBRE DE PERSONA
Nombre de persona Guzmán R., Leandro,
Fechas asociadas al nombre 1932-
9 (RLIN) 31347
245 10 - MENCIÓN DE TÍTULO
Título 1J4 de espigas y de fuegos :
Resto del título aportes para la memoria necesaria, testimonios de un militante /
Mención de responsabilidad, etc. Leandro Guzmán R. ; prólogo Tony Raful.
246 13 - FORMA VARIANTE DE TÍTULO
Título propio/Titulo breve 14 de junio de espigas y de fuegos
246 13 - FORMA VARIANTE DE TÍTULO
Título propio/Titulo breve Uno j cuatro, espigas y de fuegos
246 13 - FORMA VARIANTE DE TÍTULO
Título propio/Titulo breve Catorce j de espigas y de fuegos
260 ## - PUBLICACIÓN, DISTRIBUCIÓN, ETC.
Lugar de publicación, distribución, etc. Santo Domingo :
Nombre del editor, distribuidor, etc. De Colores,
Fecha de publicación, distribución, etc. 1998
300 ## - DESCRIPCIÓN FÍSICA
Extensión 305 p. :
Otras características físicas il., retr. ;
Dimensiones 23 cm
500 ## - NOTA GENERAL
Nota general Incluye índice onomástico.
500 ## - NOTA GENERAL
Nota general Incluye notas al pie de las páginas.
500 ## - NOTA GENERAL
Nota general Incluye datos biográficos del autor en al solapa de la cubierta
500 ## - NOTA GENERAL
Nota general Incluye himno del 14 de junio en la solapa de la contracubierta.
505 ## - NOTA DE CONTENIDO CON FORMATO
Nota de contenido con formato 1. Dedicatoria
Título 2. Agradecimientos sinceros.--
-- 3.- Prólogo.--
-- 4. Palabras al lector.--
-- 5. Las Espigas.--
-- 6. Los Fuegos.--
-- 7. El Terror.--
-- 8. Los Ramajes.--
590 ## - NOTA LOCAL (RLIN)
Nota local Inventariado, 2019/MFF
610 14 - PUNTO DE ACCESO ADICIONAL DE MATERIA--NOMBRE DE ENTIDAD CORPORATIVA
Nombre de entidad corporativa o nombre de jurisdicción como elemento de entrada MOVIMIENTO REVOLUCIONARIO 14 DE JUNIO (REPÚBLICA DOMINICANA)
9 (RLIN) 1373
650 #4 - PUNTO DE ACCESO ADICIONAL DE MATERIA--TÉRMINO DE MATERIA
Término de materia o nombre geográfico como elemento de entrada Actividades clandestinas
9 (RLIN) 1375
650 #4 - PUNTO DE ACCESO ADICIONAL DE MATERIA--TÉRMINO DE MATERIA
Término de materia o nombre geográfico como elemento de entrada Movimientos revolucionarios
9 (RLIN) 1376
651 #4 - PUNTO DE ACCESO ADICIONAL DE MATERIA--NOMBRE GEOGRÁFICO
Nombre geográfico República Dominicana
Subdivisión general Política y Gobierno
Subdivisión cronológica ERA DE TRUJILLO, 1930-1961
9 (RLIN) 1374
700 12 - PUNTO DE ACCESO ADICIONAL--NOMBRE DE PERSONA
Nombre de persona Raful, Tony,
Fechas asociadas al nombre 1951-
Término indicativo de función/relación pról.
9 (RLIN) 1377
910 ## - DATOS DE OPCIÓN DEL USUARIO (OCLC)
Datos de opción del usuario Validado. Control de calidad MFF
942 ## - ELEMENTOS DE PUNTO DE ACCESO ADICIONAL (KOHA)
Fuente del sistema de clasificación o colocación Dewey Decimal Classification
Tipo de ítem Koha Libro
Holdings
Estado de retiro Estado de pérdida Fuente del sistema de clasificación o colocación Restricciones de uso No para préstamo Código de colección Localización permanente Ubicación/localización actual Ubicación en estantería Fecha de adquisición Signatura topográfica completa Código de barras Fecha visto por última vez Número de copia Precio válido a partir de Tipo de ítem Koha
    Dewey Decimal Classification Préstamo en sala   Dominicana de Servicio Biblioteca Nacional Pedro Henríquez Ureña Biblioteca Nacional Pedro Henríquez Ureña Depósito 30.11.2009 972.93054 G993e 13840-30 25.06.2020 e.3 25.06.2020 Libro
    Dewey Decimal Classification Préstamo en sala   Dominicana de Servicio Biblioteca Nacional Pedro Henríquez Ureña Biblioteca Nacional Pedro Henríquez Ureña Depósito 30.11.2009 972.93054 G993e 13840-40 25.06.2020 e.4 25.06.2020 Libro
    Dewey Decimal Classification Excluido de préstamo   Dominicana de Servicio Biblioteca Nacional Pedro Henríquez Ureña Biblioteca Nacional Pedro Henríquez Ureña Depósito 30.11.2009 972.93054 G993e 13840-50 25.06.2020 e.5 25.06.2020 Libro
    Dewey Decimal Classification Excluido de préstamo   Patrimonio Dominicano Biblioteca Nacional Pedro Henríquez Ureña Biblioteca Nacional Pedro Henríquez Ureña Depósito 30.11.2009 972.93054 G993e 13840-10 25.06.2020   25.06.2020 Libro
    Dewey Decimal Classification Excluido de préstamo   Patrimonio Dominicano Biblioteca Nacional Pedro Henríquez Ureña Biblioteca Nacional Pedro Henríquez Ureña Depósito 30.11.2009 972.93054 G993e 13840-20 25.06.2020 e.2 25.06.2020 Libro

Powered by Koha